| 000 | 01118 a2200349 4500 | ||
|---|---|---|---|
| 999 |
_c69440 _d8212 |
||
| 001 | 69440 | ||
| 003 | TR-AnTOB | ||
| 005 | 20210402170206.0 | ||
| 008 | 130320s2000 tu 000 0 | ||
| 020 | _a9755371192 | ||
| 040 |
_aTR-AnTOB _cTR-AnTOB |
||
| 041 | _atur | ||
| 050 | 0 |
_aK52.T9 _bO93 2000 |
|
| 090 | _aREF K52.T9 O93 2000 | ||
| 100 |
_aOvacık, Mustafa _938918 |
||
| 245 | 0 |
_aİngilizce-Türkçe hukuk sözlüğü = _bEnglish-Turkish law dictionary / _cMustafa Ovacık. |
|
| 250 | _a3.bs. | ||
| 264 | 1 |
_aAnkara : _bBanka ve Ticaret Hukuku Araştırma Enstitüsü, _c2000. |
|
| 300 |
_a328 s. ; _c25 cm. |
||
| 336 |
_2rdacontent _atext _btxt |
||
| 337 |
_2rdamedia _aunmediated _bn |
||
| 338 |
_2rdacarrier _avolume _bnc |
||
| 490 | 0 |
_aBanka ve Ticaret Hukuku Araştırma Enstitüsü ; _v379 |
|
| 650 | 0 |
_aLaw _vDictionaries _954831 |
|
| 650 | 7 |
_aHukuk _vSözlükler _2etuturkob _96662 |
|
| 650 | 0 |
_aEnglish language _vDictionaries _xTurkish _917988 |
|
| 650 | 7 |
_aİngiliz dili _vSözlükler _xTürkçe _2etuturkob _917987 |
|
| 902 | _a0024033 | ||
| 903 | _aMerkez Kütüphane | ||
| 942 |
_cREF _2lcc |
||